All English Monarchs - Statistics

General Stats
  • This quiz has been taken 131 times
  • The average score is 50 of 61
Answer Stats
Monarch Epithet House Reign % Correct
Henry Beauclerc; I Normandy 2 Aug 1100 - 1 Dec 1135
97%
Henry Fitzempress; Curtmantle; Plantagenet; II Plantagenet 25 Oct 1154 - 6 Jul 1189
97%
Henry III Plantagentet 19 Oct 1216 - 16 Nov 1272
97%
Henry IV Lancaster 29 Sep 1399 - 20 Mar 1413
97%
Henry V Lancaster 20 Mar 1413 - 31 Aug 1422
97%
Henry VI Lancaster 31 Aug 1422 - 4 Mar 1461; 3 Oct 1470 - 11 Apr 1471
97%
Henry VII Tudor 22 Aug 1485 - 21 Apr 1509
97%
Henry VIII Tudor 21 Apr 1509 - 28 Jan 1547
97%
Edward the Elder Wessex 26 Oct 899 - 17 Jul 924
96%
Edward the Martyr Wessex 8 Jul 975 - 18 Mar 978
96%
Edward the Confessor Wessex 8 Jun 1042 - 5 Jan 1066
96%
Edward Longshanks; Hammer of the Scots; I Plantagenet 16 Nov 1972 - 7 Jul 1307
96%
Edward II Plantagenet 7 Jul 1307 - 13/25 Jan 1327
96%
Edward III Plantagenet 13/25 Jan 1327 - 21 Jun 1377
96%
Edward IV York 4 Mar 1461 - 3 Oct 1470; 11 Apr 1471 - 9 Apr 1483
96%
Edward V York 9 Apr 1483 - 25 Jun 1483
96%
Edward VI Tudor 28 Jan 1547 - 6 Jul 1553
96%
Edward VII Saxe-Coburg and Gotha 22 Jan 1901 - 6 May 1910
96%
Edward VIII Windsor 20 Jan 1936 - 11 Dec 1936
96%
Elizabeth Gloriana; the Virgin Queen; Good Queen ____; I Tudor 17 Nov 1558 - 24 Mar 1603
95%
Elizabeth II Windsor 6 Feb 1952 - 8 Sep 2022
95%
Charles I Stuart 27 Mar 1625 - 30 Jan 1649
94%
Charles II Stuart 29 May 1660 - 6 Feb 1685
94%
Charles III Windsor 8 Sep 2022 - Unknown
94%
George I Hanover 1 Aug 1714 - 11 Jun 1727
94%
George II Hanover 11(OS)/22(NS) Jun 1727 - 25 Oct 1760
94%
George the Mad King; III Hanover 25 Oct 1760 - 29 Jan 1820
94%
George IV Hanover 29 Jan 1820 - 26 Jun 1830
94%
George V Saxe-Coburg and Gotha; Windsor 6 May 1910 - 20 Jan 1936
94%
George VI Windsor 11 Dec 1936 - 6 Feb 1952
94%
William the Bastard; the Conqueror; I Normandy 14 Oct 1066 - 9 Sep 1087
92%
William Rufus; II Normandy 9 Sep 1087 - 2 Aug 1100
92%
William of Orange; II Orange-Nassau 23 Dec 1688 - 8 Mar 1702
92%
William the Sailor King; IV Hanover 26 Jun 1830 - 20 Jun 1837
92%
Mary Bloody ____; I Tudor 19 Jul 1553 - 17 Nov 1558
90%
Mary II Stuart 23 Dec 1688 - 28 Dec 1684
90%
Richard Lionheart; I Plantagenet 6 Jul 1189 - 6 Apr 1199
90%
Richard II Plantagenet 21 Jun 1377 - 29 Sep 1399
90%
Richard III York 25 Jun 1483 - 22 Aug 1485
90%
James VI & I Stuart 24 Mar 1603 - 27 Mar 1625
87%
James VII & II Stuart 6 Feb 1685 - 23 Dec 1688
87%
Victoria N/A Hanover 20 Jun 1827 - 22 Jan 1901
87%
Anne Gloriana Stuart 8 Mar 1702 - 1 Aug 1714
85%
John Lackland Plantagenet 6 Apr 1199 - 19 Oct 1216
85%
Alfred the Great Wessex c. 886 - 26 Oct 899
80%
Stephen N/A Blois 1 Dec 1135 - 8 Apr 1141; c. 1148 - 25 Oct 1154
80%
Harold Harefoot; I Jelling 12 Nov 1035 - 17 Mar 1040
71%
Harold Godwinson; II Godwin 5 Jan 1066 - 14 Oct 1066
71%
Æthelred the Unready Wessex 18 Mar 978 - c. 1013; c. 1014 - 23 Apr 1016
55%
Edmund the Magnificent; I Wessex 27 Oct 939 - 26 May 946
53%
Edmund Ironside; I Wessex 23 Apr 1016 - 30 Nov 1016
53%
Jane Nine Days Queen Grey 6 Jul 1553 - 19 Jul 1553
52%
Æthelstan N/A Wessex 2 Aug 924 - 27 Oct 939
51%
Cnut the Great Jelling 30 Nov 1016 - 12 Nov 1035
48%
Edgar the Peaceful Wessex 1 Oct 959 - 8 Jul 975
45%
Sweyn Forkbeard Denmark 1013 - 1014
41%
Harthacnut N/A Jelling 17 Mar 1040 - 8 Jun 1042
39%
Matilda Empress Normandy 8 Apr 1141 - c.1148
39%
Eadwig the All-Fair Wessex 23 Nov 955 - 1 Oct 959
35%
Eadred N/A Wessex 26 May 946 - 23 Nov 955
31%
Ælfweard N/A Wessex 17 Jul 924 - c. 2 Aug 924
17%
No matching quizzes found
Score Distribution
Percent of People with Each Score
Percentile by Number Answered
Your Score History
You have not taken this quiz